Languages of the U.S. Presidents - Statistics

General Stats
  • This quiz has been taken 849 times
  • The average score is 8 of 11
Answer Stats
Native Fluent Partial Language % Correct
43 1 0 English
99%
0 1 2 Spanish
98%
0 6 1 French
97%
0 4 1 German
94%
1 1 0 Dutch
87%
0 1 1 Italian
86%
0 1 0 Mandarin
72%
0 12 1 Latin
69%
0 8 1 Greek
67%
0 1 0 Hebrew
40%
0 0 1 Indonesian
20%
No matching quizzes found
Score Distribution
Percent of People with Each Score
Percentile by Number Answered
Your Score History
You have not taken this quiz